Pásate de la raya : (Record no. 194733)

MARC details
000 -LEADER
campo de control de longitud fija 02411nam a2200421 i 4500
001 - NÚMERO DE CONTROL
campo de control 194733
003 - IDENTIFICADOR DE NÚMERO DE CONTROL
campo de control SpMaBN
005 - FECHA Y HORA DE LA ÚLTIMA TRANSACCIÓN
campo de control 20250825112759.0
008 - DATOS DE LONGITUD FIJA--INFORMACIÓN GENERAL
campo de control de longitud fija 240510s2011 sp a | |||| 000 0 spa
015 ## - NÚMERO DE BIBLIOGRAFÍA NACIONAL
Número de bibliografía nacional MON11
017 ## - NÚMERO DE COPYRIGHT O DE DEPÓSITO LEGAL
Número de copyright o de depósito legal B 34007-2011
Agencia que asigna Oficina Depósito Legal Barcelona
020 ## - NÚMERO INTERNACIONAL ESTÁNDAR DEL LIBRO
Número Internacional Estándar del Libro 9788499892153
035 ## - NÚMERO DE CONTROL DEL SISTEMA
Número de control de sistema (OCoLC)796331687
040 ## - FUENTE DE CATALOGACIÓN
Centro catalogador/agencia de origen SpMaBN
Lengua de catalogación spa
Centro/agencia transcriptor SpMaBN
Normas de descripción rdc
Centro/agencia modificador ES-MaACL
080 ## - NÚMERO DE LA CLASIFICACIÓN DECIMAL UNIVERSAL
Número de la Clasificación Decimal Universal 821.111(540)-4"19"
080 ## - NÚMERO DE LA CLASIFICACIÓN DECIMAL UNIVERSAL
Número de la Clasificación Decimal Universal 821.111(540)-92"19"
100 1# - ENTRADA PRINCIPAL--NOMBRE DE PERSONA
Nombre de persona Rushdie, Salman,
Fechas asociadas al nombre 1947-
Término indicativo de función/relación Autor
9 (RLIN) 240737
240 10 - TÍTULO UNIFORME
Título uniforme Step Across this Line: Essays 1992-2002
Lenguaje de la obra Español
245 10 - MENCIÓN DEL TÍTULO
Título Pásate de la raya :
Resto del título artículos, 1992-2002 /
Mención de responsabilidad, etc. Salman Rushdie ; traducción de Miguel Sáenz
250 ## - MENCION DE EDICION
Mención de edición Primera edición en Debolsillo: noviembre 2011
260 ## - PUBLICACIÓN, DISTRIBUCIÓN, ETC.
Lugar de publicación, distribución, etc. [Barcelona] :
Nombre del editor, distribuidor, etc. Debolsillo,
Fecha de publicación, distribución, etc. 2011.
300 ## - DESCRIPCIÓN FÍSICA
Extensión 552 páginas ;
Dimensiones 19 cm
336 ## - TIPO DE CONTENIDO
Fuente rdacontent
Término de tipo de contenido texto
337 ## - TIPO DE MEDIO
Fuente rdamedia
Nombre/término del tipo de medio sin mediación
338 ## - TIPO DE SOPORTE
Fuente rdacarrier
Nombre/término del tipo de soporte volumen
490 0# - MENCIÓN DE SERIE
Mención de serie Contemporánea (Barcelona)
520 ## - RESUMEN, ETC.
Sumario, etc. Una colección de los artículos de prensa de Salman Rushdie escritos entre 1992 y 2002 que recoge sus opiniones.<br/><br/>Los artículos que componen este volumen nos descubren el lado más personal y más cercano de uno de nuestros autores contemporáneos más importantes.<br/><br/>De una manera franca y directa, Salman Rushdie nos habla de su afición al fútbol, su predilección por la música de U2 o su entusiasmo por El mago de Oz; asimismo, nos da su opinión sobre política o sobre su propia fetua, y tambien evalúa la obra de varios escritores. Pero lo más valioso de esta recopilación es que nos proporciona la visión íntima de un escritor e intelectual que analiza y juzga nuestra sociedad actual con una profundidad y una precisión expresiva que pocos alcanzan.<br/><br/>Un libro que ofrece placeres inesperados a todos los que disfrutan del poder de la palabra.
594 ## - NOTA AL TITULO Y MENCION DE RESPONSABILIDAD
Nota al título y mención de responsabilidad Título original: Step Across this Line: Essays 1992-2002
655 #0 - TERMINO DE INDIZACIÓN--GENERO/FORMA
Datos o término principal de género/forma Ensayos
9 (RLIN) 176636
700 1# - ENTRADA AGREGADA--NOMBRE PERSONAL
Nombre de persona Sáenz, Miguel,
Fechas asociadas al nombre 1932-
Término indicativo de función/relación Traductor
9 (RLIN) 101299
852 ## - LOCALIZACIÓN
Ubicación ES-MaACL
Ubicación en estantería Depósito J
Número de control de estantería N-9977
Encuadernación Encuadernación rústica
Donativo/Legado Donación: Editorial
itemnumber 206125
942 ## - ELEMENTOS DE ENTRADA SECUNDARIOS (KOHA)
Tipo de ítem Koha Libro impreso
Suprimir en OPAC No
Holdings
Estatus retirado Estado de pérdida Fuente del sistema de clasificación o colocación Estado de daño No para préstamo Biblioteca de origen Biblioteca actual Ubicación en estantería Fecha de adquisición Fuente de adquisición Total de préstamos Signatura topográfica completa Código de barras Visto por última vez Precio de reemplazo Tipo de ítem Koha
    Clasificación decimal universal     Biblioteca del Ateneo de Madrid Biblioteca del Ateneo de Madrid Depósito J 07/07/2025 Donación   N-9977 2025-0518 07/07/2025 07/07/2025 Libro impreso